000
00269nam a2200109Ia 4500
008
200302s9999 xx 000 0 und d
100
_a
Daniel Giordan
245
_a
How to Use Adobe Photoshop 7
260
_b
B P B Publishing Co. Ltd.
260
_c
2002
300
_a
288 P.,
999
_c
1234
_d
1234